000 00383nam a2200133Ia 4500
008 220204s9999 xx 000 0 und d
082 _a579.22
_bBAC.6
245 0 _aBacteria: A treatise on structure and function. V 6. Bacterial diversity
260 _aNew York
_bAcademic
_c1978
650 _aBacterial diversity
650 _aBacteriology
700 _aGUNSALUS, I C
942 _cBK
999 _c33352
_d33352